Cities of Europe (Extreme edition) - Statistics

General Stats
  • This quiz has been taken 16 times
  • The average score is 16 of 88
Answer Stats
Country Purpose Name % Correct
Czech Republic City PRAHA
94%
Germany City BERLIN
75%
Germany City HABURG
69%
Netherlands City AMSTERDAM
63%
Czech Republic City BRNO
63%
Turkey City ISTANBUL
56%
Turkey City ISTANBUL
56%
Spain City MADRID
56%
Italy City ROMA
56%
Netherlands City ROTTERDAM
56%
Germany City STUTTGART
56%
Germany City STUTTGART
56%
Switzerland City BERN
50%
Slovakia City BRATISLAVA
50%
Belgium City LUTTICH
50%
Italy City NAPOLI
50%
Switzerland City ZURICH
50%
Turkey City ANKARA
44%
Hungary City BUDAPEST
44%
Italy City FIRENZE
44%
Switzerland City BASEL
38%
Switzerland City BASEL
38%
Germany City FRANKFURT
38%
Germany City KÖLN
38%
Germany City DRESDEN
31%
Germany City DUSSELDORF
31%
Italy City PALERMO
31%
France City CALAIS
25%
Switzerland City LAUSANNE
25%
Germany City NURNBERG
25%
France City STRASBOURG
25%
France-United Kingdom Structure TUNNEL SOUS LA MANCHE
25%
Spain City A CORUNA
19%
France City ROUEN
19%
Spain City ZARAGOZA
19%
France City AMIENS
13%
Greece City LARISSA
13%
Netherlands City NIJMEGEN
13%
Turkey City EDIRNE
6%
Germany City KOBLENZ
6%
United Kingdom Fictional city ROMA
6%
Italy City SIENA
6%
Greece City VOLOS
6%
Germany City WUPPERTAL
6%
France City ABBEVILLE
0%
Spain Airport AEROPUERTO
0%
Italy City ASSISI
0%
Turkey City BOLU
0%
France City BOULOGNE
0%
Spain City BURGOS
0%
Italy City CASCIA
0%
United Kingdom Fictional city CHARLEVILLE
0%
United Kingdom Fictional city DALBY
0%
Germany City ELLHOFEN
0%
Netherlands City GROESBEEK
0%
Netherlands City HAARLEM
0%
Turkey Border crossing HAMZABEYLI
0%
Turkey Airport HAVALIMANI
0%
United Kingdom City IPSWICH
0%
Greece City KATERINI
0%
Turkey City KÖRFEZ
0%
Greece City KOZANI
0%
Germany City KREFELD
0%
Germany City LAHR
0%
Turkey City LALAPASA
0%
Italy City LAQUILA
0%
Spain City Area LAS TABIAS
0%
Netherlands City LEEUWARDEN
0%
Netherlands Village MALDEN
0%
Italy City MARSALA
0%
Italy City MAZARA
0%
Italy City MONTALCHINO
0%
Germany City NEUSS
0%
Germany City OFFENBURG
0%
Turkey Border crossing PAZARKULE
0%
Italy City PERUGIA
0%
Italy City PESCARA
0%
Italy City PIENZA
0%
France City REIMS
0%
Turkey City SAMSUN
0%
Turkey City SAPANCA
0%
Spain City SEGOVIA
0%
Italy City TORRENIERI
0%
Italy City TRAPANI
0%
Greece City TRIKALA
0%
Spain Village VICOLOZANO
0%
Germany City WURZBURG
0%
Netherlands City ZAANSTAD
0%
No matching quizzes found
Score Distribution
Percent of People with Each Score
Percentile by Number Answered
Your Score History
You have not taken this quiz